000 01014cam a22003257a 4500
003 CHAP
005 20220329134340.0
008 971013s1985 r 00010 d
010 _a19142
011 _a20114
035 _a24202
040 _cCHAP
082 _a021.65
_bA5
100 0 0 _aAma, C. del.
_95052
245 1 3 _aEl desafío informático
260 _aMadrid :
_bHambra,
_c1985
300 _a233 p
490 0 _aExedra
_v; 148
590 _aBATCH-UPD
_b10
_c20130110
_lUCH01
_h1302
590 _aBATCH-UPD
_b10
_c20130410
_lUCH01
_h0820
590 _aBATCH-UPD
_b10
_c20130914
_lUCH01
_h1926
590 _aCONVERSION
_b10
_c20130109
_lUCH01
_h1312
650 1 4 _aProcesamiento automático de datos.
_991738
650 1 4 _aSistema de información.
_9106707
830 0 _aExedra
_v; 148
_939042
901 _aBK
942 _cLIBRO
949 _a021.65 A5
_bBC
_cLIBRO
_d33724000297719
_eLIBRO
_gI.132470
_h68561
_i24202
_si
949 _a021.65 A5
_bBC
_cLIBRO
_d33724000297727
_eLIBRO
_fc.2
_gI.132471
_h68562
_i24202
_si
999 _c19142
_d19142